wszystkie ulice z liniami tramwajowymi we Wrocławiu w 1939 - Statystyki

Ogólne statystyki
  • Ten quiz został rozwiązany 65 razy
  • Średni wynik to 27 z 104
Statystyki odpowiedzi
osiedle długość (km) ulica % Poprawnych
Grabiszyn 3,8 Grabiszyńska
91%
Szczepin 3,5 Legnicka
73%
Księże Małe 2,3 Krakowska
70%
Powstańców Śląskich 3,5 Powstańców Śląskich
68%
Osobowice 2,4 Osobowicka
66%
Huby 1,3 Hubska
59%
Stare Miasto 1 Świdnicka
59%
Borek 1,7 Hallera
55%
plac Grunwaldzki 0,3 Grunwaldzka
52%
Sępolno 2,4 Mickiewicza
52%
Ołbin 1,5 Jedności Narodowej
48%
Przedmieście Oławskie 2,5 Kościuszki
48%
Stare Miasto 0,7 Rynek
45%
Przedmieście Oławskie 1,6 Traugutta
45%
Gądów Mały 1,7 Lotnicza
43%
Przedmieście Świdnickie 1,4 Piłsudskiego
43%
Nadodrze 0,5 Pomorska
43%
Glinianki 1,8 Borowska
41%
Gajowice 1,2 Gajowicka
41%
plac Grunwaldzki 1,3 plac Grunwaldzki
41%
Przedmieście Świdnickie 1,5 Podwale
41%
Nadodrze 0,4 Dubois
39%
Przedmieście Oławskie 1 Pułaskiego
39%
Borek 2 Ślężna
39%
Tarnogaj 0,6 Tarnogajska
39%
Nadodrze 0,8 Trzebnicka
39%
Tarnogaj 0,8 Armii Krajowej
36%
Tarnogaj 0,3 Bardzka
36%
Zalesie 0,1 Kochanowskiego
36%
Ołbin 1,4 Nowowiejska
36%
Plac Grunwaldzki 0,6 Piastowska
36%
Stare Miasto 0,5 Ruska
36%
Stare Miasto 0,8 Szewska
36%
Kowale 0,3 Kromera
34%
Dąbie 1,1 Wróblewskiego
34%
Stare Miasto 0,6 Grodzka
32%
Ołbin 1,8 Sienkiewicza
32%
Nadodrze 0,4 Chrobrego
30%
Glinianki 0,9 Gliniana
30%
Huby 0,4 Kamienna
30%
Biskupin 1,5 Olszewskiego
30%
Kleczków 0,5 Reymonta
30%
Ołbin 0,8 Wyszyńskiego
30%
Nadodrze 0,4 Słowiańska
27%
Karłowice 0,4 Żmigrodzka
27%
Nadodrze 0,3 Bema
25%
plac Grunwaldzki 0,6 Curie-Skłodowskiej
25%
Nadodrze 0,4 Drobnera
25%
Gajowice 0,4 Krucza
23%
Kowale 1,7 Kwidzyńska
23%
Nadodrze 0,7 plac Staszica
23%
Ołbin 0,6 Prusa
23%
Stare Miasto 0,6 Świętego Mikołaja
23%
Przedmieście Świdnickie 0,5 Kołłątaja
20%
Stare Miasto 0,2 Krupnicza
20%
plac Grunwaldzki 0,7` Szczytnicka
20%
Przedmieście Oławskie 0,1 Małachowskiego
18%
Stare Miasto 0,2 Piaskowa
18%
Zalesie 1,1 Różyckiego
18%
Przedmieście Świdnickie 0,3 Sądowa
18%
Przedmieście Świdnickie 0,1 Stawowa
18%
Stare Miasto 0,4 Teatralna
18%
Stare Miasto 0,4 Kuźnicza
16%
Stare Miasto 0,3 Odrzańska
16%
Stare Miasto 0,3 plac Solny
16%
Nadodrze 0,2 plac Świętego Macieja
16%
Przedmieście Świdnickie 0,1 Tęczowa
16%
Stare Miasto 0,4 Wita Stwosza
16%
Szczepin 0,8 Zachodnia
16%
Huby 0,9 Dyrekcyjna
14%
Kępa Mieszczańska 0,1 Jagiełły
14%
Zalesie 0,4 Paderewskiego
14%
Nowe Miasto 0,9 Słowackiego
14%
Kowale 1 Toruńska
14%
Gajowice 0,9 Zielińskiego
14%
Nadodrze 0,2 Łokietka
11%
Nadodrze 0,3 Poniatowskiego
11%
Rakowiec 0,6 Rakowiecka
11%
Przedmieście Świdnickie 0,3 Szpitalna
11%
Przedmieście Oławskie 0,6 Krasińskiego
9%
Gajowice 0,3 Lwowska
9%
Kępa Mieszczańska 0,1 Mostowa
9%
Nowe Miasto 0,2 plac Powstańców Warszawy
9%
Nadodrze 0,2 plac Powstańców Wielkopolskich
9%
Sczepin 0,2 Rybacka
9%
Przedmieście Oławskie 0,5 Dąbrowskiego
7%
Stare Miasto 0,1 Ducha Świętego
7%
Stare Miasto 0,3 Kiełbaśnicza
7%
Przedmieście Świdnickie 0,4 Skargi
7%
Stare Miasto 0,3 Świętej Katarzyny
7%
Stare Miasto 0,2 Kraińskiego
5%
Przedmieście Świdnickie 0,4 Muzealna
5%
Rakowiec 1,2 Na Grobli
5%
Powstańców Śląskich 0,6 Sanocka
5%
Nadodrze 0,2 Świętego Wincentego
5%
Biskupin 0,2 Wajdy
5%
Nowe Miasto 0,2 Walońska
5%
Przedmieście Świdnickie 0,3 Zdrowa
5%
Stare Miasto 0,1 Gepperta
2%
Stare Miasto 0,1 plac Nowy Targ
2%
Szczepin 0,2 plac Świętego Mikołaja
2%
Stare Miasto 0,2 Świętej Jadwigii
2%
Stare Miasto 0,2 Janickiego
0%
Gajowice 0,2 Szczęśliwa
0%
Nie znaleziono quizów pasujących do podanych kryteriów
Rozkład punktacji
Procent ludzi z każdym wynikiem
Percentyl według liczby udzielonych odpowiedzi
Twoja historia wyników
Nie rozwiązałeś tego quizu